000
00294nam a22001337a 4500
003
SGT
082
_a
320.954
_b
D99D
100
_a
DHARAMPAL
245
_a
DESPOLIATION AND DEFLAMING OF INDIA
260
_b
BHARAT PEETHAM
_c
1999
300
_a
222
650
_a
POLITICAL SCIENCE
942
_2
ddc
_c
BK
999
_c
28634
_d
28634